|
|
|
|
| LEADER |
00000nam0a2200000 4500 |
| 001 |
88144 |
| 005 |
20231031102526.0 |
| 010 |
|
|
|a 5922106201
|b 400 экз.
|
| 021 |
|
|
|a RU
|b 05-67099
|9 05-3303
|
| 035 |
|
|
|a (RuTPU)RU\TPU\book\94623
|
| 090 |
|
|
|a 88144
|
| 100 |
|
|
|a 20051221d2005 k y0rusy5002 ca
|
| 101 |
0 |
|
|a rus
|
| 102 |
|
|
|a RU
|
| 105 |
|
|
|a y z 001zy
|
| 200 |
1 |
|
|a Распределение лучистой энергии точечного источника. Новая форма интегрального уравнения переноса излучения
|f Ю. А. Дементьев
|
| 210 |
|
|
|a Москва
|c Физматлит
|d 2005
|
| 215 |
|
|
|a 127 с.
|
| 320 |
|
|
|a Библиогр.: с. 124-127
|
| 610 |
1 |
|
|a физика
|
| 610 |
1 |
|
|a оптика
|
| 610 |
1 |
|
|a термодинамика
|
| 610 |
1 |
|
|a лучистая энергия
|
| 610 |
1 |
|
|a перенос
|
| 610 |
1 |
|
|a распределение
|
| 610 |
1 |
|
|a точечные источники
|
| 610 |
1 |
|
|a излучение
|
| 610 |
1 |
|
|a тепломассоперенос
|
| 610 |
1 |
|
|a интегральные уравнения
|
| 675 |
|
|
|a 536.24:51
|v 3
|z rus
|
| 700 |
|
1 |
|a Дементьев
|b Ю. А.
|g Юрий Алексеевич
|4 070
|
| 801 |
|
0 |
|a RU
|b RKP
|c 20051117
|g PSBO
|
| 801 |
|
1 |
|a RU
|b 63413507
|c 20051221
|g PSBO
|
| 801 |
|
2 |
|a RU
|b 63413507
|c 20140516
|g PSBO
|
| 942 |
|
|
|c BK
|